000 00557nam a2200205Ia 4500
003 GCL
008 140319s9999 xx 000 0 ara d
040 _aGCL /
_cGCL
082 0 4 _a891.41
_bط ب
100 1 _aبديع حقى
245 1 0 _aالبستانى /
_cبديع حقى
700 1 _aطاغور، رابندرانات
700 1 _aمصطفى حبيب
300 _a70 ص
490 _aالالف كتاب
_v0
650 0 4 _aالشعر
650 0 4 _aالادب الهندى
650 0 4 _aطاغور، ارابندرانات
942 _2ddc
_cBK
999 _c45343
_d45343